Hechos de los Apóstoles

Saved in:
Bibliografiske detaljer
Institution som forfatter: Abadía Benedictina de San Andrés (Author)
Format: Bog
Sprog:spansk
Udgivet: Madrid Marova 1960
Serier:Colección La Biblia, paso a paso, 31
Fag:
Tags: Tilføj Tag
Ingen Tags, Vær først til at tagge denne postø!

MARC

LEADER 00000nam a2200000 a 4500
001 UCL1493
003 CL-VaPUC
008 030911e19600000SP |||||||||||||||||spa|d
082 0 4 |a 226.6  |b ABA  |2 21 
110 2 |a Abadía Benedictina de San Andrés  |e author  |9 478382 
245 1 0 |a Hechos de los Apóstoles 
300 |a 40 p 
942 |c BK 
945 |d 20030911 00:00:00  |a vberengu 
260 |a Madrid  |b Marova  |c 1960 
650 0 |a Textos sagrados   |9 257605 
650 0 |a Biblia  |9 257603 
650 0 |a Apóstoles   |9 444286 
650 0 |a Biblia  |9 257603 
583 |a last modification  |c 20030911 00:00:00  |k Rodrigo Vera 
490 0 |a Colección La Biblia, paso a paso, 31 
999 |c 305029  |d 305027 
952 |0 0  |1 0  |4 0  |6 226_600000000000000_ABA_1960  |7 0  |8 A  |9 367967  |a BIBTEO  |b BIBTEO  |d 2019-11-21  |i 2076950  |o 226.6 ABA 1960  |p 2076950  |r 2025-01-17  |w 2019-11-21  |y BK  |k ICR